| 000 | 00616nam a22001697a 4500 | ||
|---|---|---|---|
| 003 | OSt | ||
| 005 | 20260221142436.0 | ||
| 008 | 251208b |||||||| |||| 00| 0 eng d | ||
| 020 | _a0914168150 | ||
| 040 | _cOutspan Global University | ||
| 050 |
_aQM 25 _b.N4721991 |
||
| 100 |
_aFrank H. Netter _eAuthor |
||
| 245 |
_aThe Ciba Collection Of Medical Illustrations: Volume 8 _cby Netter Frank H. _bMusculoskeletal System (Part II: Developmental Disorders, Tumors, Rheumatic Diseases, And Joint Replacement) |
||
| 260 |
_bW.B. Saunders Company _cc1991 _aUnited States Of America |
||
| 300 | _a276p | ||
| 942 |
_2lcc _cBK _n0 |
||
| 999 |
_c3407 _d3407 |
||